Strategic management: cases / (Record no. 673)
[ view plain ]
| 000 -LEADER | |
|---|---|
| fixed length control field | 00734nam a22001697a 4500 |
| 008 - FIXED-LENGTH DATA ELEMENTS--GENERAL INFORMATION | |
| fixed length control field | 120327t xxu||||| |||| 00| 0 eng d |
| 020 ## - INTERNATIONAL STANDARD BOOK NUMBER | |
| International Standard Book Number | 0131503472 |
| 050 ## - LIBRARY OF CONGRESS CALL NUMBER | |
| Classification number | HD30.28.D378 |
| 100 ## - MAIN ENTRY--PERSONAL NAME | |
| Personal name | David, Fred R. |
| 245 ## - TITLE STATEMENT | |
| Title | Strategic management: cases / |
| Statement of responsibility, etc. | Fred R. David |
| 250 ## - EDITION STATEMENT | |
| Edition statement | 10th ed. |
| 260 ## - PUBLICATION, DISTRIBUTION, ETC. | |
| Place of publication, distribution, etc. | New Jersey: |
| Name of publisher, distributor, etc. | Pearson, |
| Date of publication, distribution, etc. | c2005. |
| 300 ## - PHYSICAL DESCRIPTION | |
| Extent | xxx, 432 p.: |
| Other physical details | ill, |
| Dimensions | 25cm. |
| 505 ## - FORMATTED CONTENTS NOTE | |
| Formatted contents note | Contents: Service company cases -- Telecommunications, inc. -- Airlines -- Internet companies -- Retailers -- Entertainment -- Small for-profit business -- Non-profit organizations -- Manufacturing company cases -- Food and beverage -- Aerospace -- Computers -- Medical -- Sporting goods -- Tobacco. |
| 650 ## - SUBJECT ADDED ENTRY--TOPICAL TERM | |
| Topical term or geographic name entry element | Management. |
| 942 ## - ADDED ENTRY ELEMENTS (KOHA) | |
| Source of classification or shelving scheme | Library of Congress Classification |
| Koha item type | Books |
| Withdrawn status | Lost status | Source of classification or shelving scheme | Damaged status | Not for loan | Home library | Current library | Shelving location | Date acquired | Total Checkouts | Full call number | Barcode | Date last seen | Price effective from | Koha item type |
|---|---|---|---|---|---|---|---|---|---|---|---|---|---|---|
| Library of Congress Classification | WISCONSIN INTERNATIONAL UNIVERSITY COLLEGE, GHANA - MAIN LIBRARY | WISCONSIN INTERNATIONAL UNIVERSITY COLLEGE, GHANA - MAIN LIBRARY | General Stacks | 27/03/2012 | HD30.28.D378 | 1760/12 | 27/03/2012 | 27/03/2012 | Books |
